Kings League France - Équipes et Présidents - Statistiques

Statistiques générales
  • Ce quiz a été pris 155 fois
  • Le résultat moyen est 19 sur 25
Statistiques - réponses
Réponse % Correct
Aminematue
93%
Squeezie
93%
Domingo
88%
Kameto
88%
Michou
88%
Pfut
88%
Djilsi
86%
Maxime Biaggi
86%
Adil Rami
83%
F2R
83%
Unit3d
82%
Aurélien Tchouaméni
80%
KARASU
80%
PANAM ALL STARZ
79%
FC SILMI
77%
Jules Koundé
75%
360 Nation
72%
Generation Seven
71%
Samir Nasri
68%
Wolf Pack FC
68%
Jérémy Ménez
64%
Eduardo Camavinga
63%
Mike Maignan
58%
Bryan Mbeumo
53%
Manu Koné
35%
Aucun quiz correspondant
Distribution des résultats
% des personnes avec chaque résultat
Percentile par nombre de réponses
Votre historique - résultats
Vous n’avez pas pris ce quiz